| 000 | 00745nam a2200217 a 4500 | ||
|---|---|---|---|
| 001 | 1048 | ||
| 003 | CDMR | ||
| 005 | 20260515062531.0 | ||
| 008 | 130130s2005||||||||||||||||||||||||||||d | ||
| 020 | _a8493343447 | ||
| 040 |
_aCDMR _bcat _cCPC LLEIDA |
||
| 100 | 1 |
_aHuertas, Josep Maria _d1939-2007 _928 |
|
| 245 | 1 | 3 |
_aEl plat de llenties _cJosep M. Huertas ; [pròleg: Andreu Mayayo] _b: periodisme i transició a Catalunya (1975-1985) |
| 260 |
_aBarcelona _bCol·legi de Periodistes de Catalunya |
||
| 260 |
_c2005 _bDiputació de Barcelona |
||
| 490 | 0 |
_aVaixells de Paper _v31 |
|
| 650 | 0 | 4 |
_93703 _aEspanya _xHistòria _y1975-1982, Transició |
| 650 | 0 | 4 |
_93172 _aPeriodisme _zCatalunya |
| 700 | 1 |
_93649 _aMayayo, Andreu _epr. |
|
| 942 |
_cMON _2udc |
||
| 999 |
_c1048 _d1048 |
||